| 000 | 01069nmc a2200373 a 4500 | ||
|---|---|---|---|
| 003 | AR-BaBNM | ||
| 005 | 20251128204735.0 | ||
| 008 | 075119s1993 ||||||||||||||000 | spa|| | ||
| 020 | _a968-16-3616-3 | ||
| 040 | _cAR-BaBNM | ||
| 100 | 1 | _aMartínez Alier, Joan | |
| 245 | 1 | 0 | _aLa ecología y la economía |
| 250 | _a1ª ed. | ||
| 260 |
_aMéxico, D.F. _bFondo de Cultura Económica _c1993 |
||
| 300 | 0 |
_a367 p. _btablas |
|
| 490 | 0 | _aTextos de economía | |
| 500 | 0 | _aIndice temático y de nombres: p. 357-364 | |
| 504 | _aContiene bibliografía: p. 325-355 | ||
| 600 | 1 | 4 | _aAdams, Henry |
| 600 | 1 | 4 | _aHogben, Lancelot |
| 600 | 1 | 4 | _aHayek, Friedrich August Von |
| 600 | 1 | 4 | _aClausius, Rudolf |
| 600 | 1 | 4 | _aGeddes, Patrick |
| 600 | 1 | 4 |
_aRuskin, John _d1819-1900 |
| 650 | 4 | _aDESARROLLO ECONOMICO Y SOCIAL | |
| 650 | 4 | _aRECURSOS ECONOMICOS | |
| 650 | 4 | _aCIENCIAS AMBIENTALES | |
| 650 | 4 | _aANALISIS ECOLOGICO | |
| 650 | 4 | _aCIENCIAS POLITICAS | |
| 650 | 4 | _aTEORIA ECONOMICA | |
| 700 | 1 | _aSchlüpmann, Klaus | |
| 942 | _cBK | ||
| 998 | _cEnrique | ||
| 999 |
_c8638 _d8638 |
||